000 00647nam a2200193 i 4500
001 118022
003 ES-MaACL
005 20250814080954.0
007 t|
008 070214s1914 fr a |||| | fre d
100 1 _aPelourde, Fernand.
_990114
245 1 0 _aPaléontologie vegetale
_b: cryptogames cellulaires et cryptogames vasculaires /
_cpar Fernand Pelourde ; préface de M. R. Zeiller.
260 _aParis :
_bOctave Doin et Fils,
_c1914.
300 _aXXVIII, 360 p. :
_bil ;
_c19 cm.
650 0 7 _aPaleontología
_2embne
_915808
700 1 _aZeiller, M. R.
_9118149
852 _aES-MaACL
_jD-4300
999 _c118022
_d118022